000 00513nam a2200169 a 4500
005 20140311163039.0
008 111010s19uu xx 00 eng d
020 _a9788189981051
050 _aQL 47
_b.P189 2008
100 _aPande, Pitambar
245 _aResearch in zoology :
_bfundamentals, areas and methodology /
_cPitambar Pande.
260 _aIndia :
_bSwastik Publishers & Distributors,
_c2008.
300 _a272 p. :
_c22 cm.
650 _aZoology
_xResearch
942 _cBK
_2lcc
_kFOR
999 _c39719
_d39719